00377nam a22001457a 450000500170000001000130001702000220003003500130005203700310006508200080009610000170010424500400012126000480016130000220020920180911162122.0 aB-108218 a8123738609c55.00 aB-108218 bNational Book Trust, India a921 aMoon, Vasant aDr. Babasaheb AmbedkarcVasant Moon aNew DelhibNational Book Trust, Indiac2002 a224p.c22cm (pbk)